| 000 | 01139cam a2200301 a 4500 | ||
|---|---|---|---|
| 001 | 1850 | ||
| 005 | 20250827094158.0 | ||
| 020 | _a0760795118 | ||
| 040 |
_aTxWM _cTxWM _dTxWM _dDLC |
||
| 050 | 0 | 0 |
_aPZ7.H1996 _bBi 2005 |
| 082 | _aFic | ||
| 100 | 1 | _aHapka, Cathy. | |
| 245 | 1 | 0 |
_aBionicle chronicles collection / _cby C.A. Hapka. |
| 250 | _aBarnes & Noble ed. | ||
| 260 |
_aNew York : _bScholastic, _c2005. |
||
| 300 |
_a436 pages ; _c20 cm |
||
| 490 |
_aBionicle Chronicles _vBook 2 |
||
| 500 | _a"Based on the Lego characters!"--P. 4 of cover. | ||
| 505 | 0 | _aK | |
| 505 | 0 | _aTale of the Toa -- Beware the Bohrok -- Makuta's revenge -- Tales of the masks. | |
| 520 | _a"After a long and difficult journey, the Toa have finally embraced their destiny. Despite their differences, they have joined together as a mighty force for good. But will their combined powers be enough to take on Makuta's minions?" | ||
| 521 |
_a570
_bLexile |
||
| 521 |
_aK
_bRaz-Plus |
||
| 650 | 0 | _aChildren's stories, American. | |
| 650 | 0 | _aScience fiction, American. | |
| 906 |
_a7 _bcbc _ccopycat _d2 _encip _f20 _gy-gencatlg |
||
| 942 |
_2ddc _cBK _n0 |
||
| 999 |
_c1850 _d1850 |
||